[Event "Cto Aragon Equipos Pref Gr II"]
[Site "Aragon"]
[Date "2018.02.10"]
[Round "3.59"]
[White "Millan Martin, Alfonso"]
[Black "Martinez Carnicer, Eduardo"]
[Result "1/2-1/2"]
[WhiteElo "1931"]
[BlackElo "1738"]
[PlyCount "88"]
[EventDate "2018.??.??"]
[EventType "tourn"]
[EventRounds "9"]
[EventCountry "ESP"]

1. c4 Nf6 2. Nc3 g6 3. g3 Bg7 4. Bg2 d6 5. Nf3 e5 6. d3 Nc6 7. O-O O-O 8. Rb1
a6 9. Bg5 h6 10. Bxf6 Bxf6 11. Nd5 Bg7 12. b4 Ne7 13. Nd2 c6 14. Nxe7+ Qxe7 15.
a4 Be6 16. b5 axb5 17. axb5 d5 18. Qc2 Ra3 19. bxc6 bxc6 20. Rb3 Rfa8 21. Rfb1
Ra1 22. Rxa1 Rxa1+ 23. Rb1 Qa7 24. cxd5 cxd5 25. Rxa1 Qxa1+ 26. Qb1 Qc3 27. Nf1
Bf6 28. Ne3 Qc5 29. Qc2 Qxc2 30. Nxc2 Be7 31. d4 e4 32. Kf1 Kg7 33. Ke1 Kf6 34.
Kd2 h5 35. Kc3 Bd6 36. Nb4 Kg5 37. Na6 f5 38. e3 h4 39. Bh3 hxg3 40. hxg3 Kf6
41. Bf1 g5 42. Nc5 f4 43. gxf4 gxf4 44. Nxe6 Kxe6 1/2-1/2

[Event "Cto Aragon Equipos Pref Gr II"]
[Site "Aragon"]
[Date "2018.02.10"]
[Round "3.60"]
[White "Garcia Estruch, Mauricio"]
[Black "Villalba Embid, Marcos"]
[Result "0-1"]
[WhiteElo "1441"]
[BlackElo "1874"]
[PlyCount "72"]
[EventDate "2018.??.??"]
[EventType "tourn"]
[EventRounds "9"]
[EventCountry "ESP"]

1. Nf3 d6 2. d4 Nf6 3. c4 g6 4. Nc3 Bg7 5. e4 O-O 6. Be2 e5 7. O-O Nc6 8. d5
Ne7 9. Bg5 Nd7 10. Bd3 h6 11. Be3 f5 12. exf5 gxf5 13. Nh4 e4 14. Be2 Bf6 15.
g3 Bxh4 16. gxh4 f4 17. Nxe4 fxe3 18. Bh5 Nf6 19. Nxf6+ Rxf6 20. fxe3 Rxf1+ 21.
Qxf1 Bf5 22. e4 Bg6 23. Bg4 Qf8 24. Be6+ Kh7 25. Qe2 Qg7 26. Kh1 Qe5 27. Re1
Rf8 28. Bg4 Rf4 29. Bf3 Rxh4 30. b3 Ng8 31. Qg2 Nf6 32. Rg1 Qe8 33. Qg3 Rxe4
34. Bxe4 Bxe4+ 35. Rg2 Bxg2+ 36. Kxg2 Qg6 0-1

[Event "Cto Aragon Equipos Pref Gr II"]
[Site "Aragon"]
[Date "2018.02.10"]
[Round "3.61"]
[White "Oms Pallisse, Josep"]
[Black "Planas Torrea, Francisco Javier"]
[Result "1-0"]
[WhiteElo "2431"]
[BlackElo "2029"]
[PlyCount "97"]
[EventDate "2018.??.??"]
[EventType "tourn"]
[EventRounds "9"]
[EventCountry "ESP"]

1. e4 e5 2. Nf3 Nc6 3. Bb5 Nf6 4. d3 d6 5. c3 Be7 6. O-O O-O 7. Re1 a6 8. Ba4
b5 9. Bb3 Na5 10. Bc2 c5 11. Nbd2 Nc6 12. Nf1 Re8 13. Bg5 Ng4 14. Bxe7 Qxe7 15.
h3 Nf6 16. Ne3 Bd7 17. a4 g6 18. Qd2 Kg7 19. Nd5 Nxd5 20. exd5 Na5 21. axb5
axb5 22. b4 cxb4 23. cxb4 Nb7 24. Rxa8 Rxa8 25. d4 f6 26. Qc3 Rc8 27. Qb2 Be8
28. dxe5 dxe5 29. Nd4 Nd6 30. Ne6+ Kh8 31. Bb3 Nc4 32. Bxc4 Rxc4 33. Ra1 Rxb4
34. Ra7 Qxa7 35. Qxb4 Qf7 36. Qd6 h5 37. h4 Kh7 38. Nc7 Kg7 39. Qc5 Bd7 40.
Nxb5 Bxb5 41. Qxb5 Qc7 42. Qc6 Qa5 43. Qd7+ Kf8 44. Qd6+ Kf7 45. Qe6+ Kg7 46.
Qe7+ Kg8 47. Qxf6 Qe1+ 48. Kh2 Qe4 49. d6 1-0

[Event "Cto Aragon Equipos Pref Gr II"]
[Site "Aragon"]
[Date "2018.02.10"]
[Round "3.63"]
[White "Hidalgo Gracia, Andres"]
[Black "Merin Flores, Miguel Angel"]
[Result "1-0"]
[WhiteElo "1774"]
[BlackElo "1737"]
[PlyCount "65"]
[EventDate "2018.??.??"]
[EventType "tourn"]
[EventRounds "9"]
[EventCountry "ESP"]

1. c4 Nf6 2. Nf3 d6 3. d4 g6 4. Nc3 Bg7 5. g3 O-O 6. Bg2 Bg4 7. O-O Nc6 8. h3
Bd7 9. e4 Qc8 10. Kh2 e5 11. Be3 Nh5 12. Nd5 Be6 13. Rc1 Qd7 14. dxe5 Nxe5 15.
Nd4 a6 16. Qb3 Nc6 17. Rfd1 Kh8 18. Qxb7 Nxd4 19. Bxd4 Rfc8 20. Bxg7+ Kxg7 21.
b3 a5 22. f4 a4 23. Qb4 Bxd5 24. cxd5 axb3 25. axb3 h6 26. Rc6 Ra2 27. Rdc1 Qe8
28. Qd4+ Kh7 29. Rxc7 Rca8 30. e5 Ng7 31. e6 Re2 32. Rxf7 Qg8 33. Rcc7 1-0

[Event "Cto Aragon Equipos Pref Gr II"]
[Site "Aragon"]
[Date "2018.02.10"]
[Round "3.64"]
[White "Asin Jimenez, Pedro Jose"]
[Black "Garreta Nieto, Maria"]
[Result "1-0"]
[WhiteElo "1733"]
[BlackElo "1734"]
[PlyCount "65"]
[EventDate "2018.??.??"]
[EventType "tourn"]
[EventRounds "9"]
[EventCountry "ESP"]

1. e4 c6 2. d4 d5 3. Nc3 dxe4 4. Nxe4 Bf5 5. Ng3 Bg6 6. f4 e6 7. Nf3 Nd7 8. Bd3
Ngf6 9. O-O Bd6 10. f5 exf5 11. Re1+ Kf8 12. Nxf5 Bxf5 13. Bxf5 Qc7 14. c4 g6
15. Bxd7 Qxd7 16. c5 Bc7 17. Bh6+ Kg8 18. h4 Nd5 19. Ne5 Qe6 20. Qf3 Bxe5 21.
Rxe5 Qf6 22. Qxf6 Nxf6 23. Re7 Nd5 24. Rxb7 Re8 25. Rf1 f5 26. Rg7+ Kf8 27.
Rxa7+ Kg8 28. Kf2 Nf6 29. Rg7+ Kf8 30. Rc7+ Kg8 31. Re1 Ng4+ 32. Kg1 Rd8 33. a4
1-0

[Event "Cto Aragon Equipos Pref Gr II"]
[Site "Aragon"]
[Date "2018.02.10"]
[Round "3.65"]
[White "Colom Sienes, Eduardo"]
[Black "Fabre Perez, Jose Maria"]
[Result "0-1"]
[WhiteElo "2089"]
[BlackElo "1943"]
[PlyCount "70"]
[EventDate "2018.??.??"]
[EventType "tourn"]
[EventRounds "9"]
[EventCountry "ESP"]

1. e4 c5 2. Nf3 Nc6 3. d4 cxd4 4. Nxd4 g6 5. Nc3 Bg7 6. Be3 Nf6 7. Bc4 Qa5 8.
O-O O-O 9. Bb3 d6 10. h3 Bd7 11. Re1 Rac8 12. Nd5 Rfe8 13. Nxc6 bxc6 14. Nxf6+
Bxf6 15. c3 c5 16. Qd3 Qc7 17. Bc4 Rb8 18. Rad1 Rxb2 19. f4 Qb7 20. Bc1 Rb6 21.
e5 Bf5 22. exf6 Bxd3 23. Rxd3 e6 24. f5 Qc8 25. fxe6 Rxe6 26. Rxe6 fxe6 27. f7+
Kxf7 28. Rf3+ Kg7 29. Bg5 d5 30. Bd3 c4 31. Bc2 Qc7 32. h4 Rb2 33. Ba4 Rxa2 34.
Bf6+ Kg8 35. Be8 Qc8 0-1

[Event "Cto Aragon Equipos Pref Gr II"]
[Site "Aragon"]
[Date "2018.02.10"]
[Round "3.66"]
[White "Gaspar Calvo, Luis Alberto"]
[Black "Zambrana Petisme, Ramiro"]
[Result "0-1"]
[WhiteElo "1915"]
[BlackElo "2066"]
[PlyCount "60"]
[EventDate "2018.??.??"]
[EventType "tourn"]
[EventRounds "9"]
[EventCountry "ESP"]

1. c4 g6 2. g3 Bg7 3. Bg2 d6 4. Nc3 e5 5. Rb1 f5 6. e3 Nf6 7. Nge2 O-O 8. O-O
Nc6 9. d3 Be6 10. Nd5 Rb8 11. Nec3 Ne7 12. b4 c6 13. Nxe7+ Qxe7 14. b5 e4 15.
bxc6 bxc6 16. Rxb8 Rxb8 17. Ba3 Rd8 18. Qb3 Qf7 19. Rb1 exd3 20. Bxc6 Bxc4 21.
Qd1 Ng4 22. Rb7 Qe6 23. Nb5 d5 24. Nxa7 Bf6 25. Bb4 Ne5 26. Ba4 Qa6 27. Re7
Bxe7 28. Bxe7 Ra8 29. Qa1 Nf3+ 30. Kg2 Rxa7 0-1

[Event "Cto Aragon Equipos Pref Gr II"]
[Site "Aragon"]
[Date "2018.02.10"]
[Round "3.67"]
[White "Sacristan Latorre, Alberto"]
[Black "Ruiperez Gumiel, Ramon"]
[Result "1-0"]
[WhiteElo "2055"]
[BlackElo "1845"]
[PlyCount "101"]
[EventDate "2018.??.??"]
[EventType "tourn"]
[EventRounds "9"]
[EventCountry "ESP"]

1. e4 c5 2. c3 d6 3. g3 g6 4. Bg2 Bg7 5. Ne2 Nc6 6. d4 cxd4 7. cxd4 e5 8. d5
Nb8 9. Nbc3 Ne7 10. Be3 O-O 11. Rc1 Bd7 12. Qb3 b6 13. Qa3 Be8 14. O-O b5 15.
Qb3 Qa5 16. a4 b4 17. Nb5 Bxb5 18. axb5 Qxb5 19. Rc7 Nc8 20. Rfc1 Na6 21. R7c6
Qxe2 22. Bf1 Qf3 23. Bxa6 f5 24. Bxc8 f4 25. Be6+ Kh8 26. Rxd6 fxe3 27. Qxe3
Qxe3 28. fxe3 Bh6 29. Rc7 Bxe3+ 30. Kg2 Rad8 31. Rxd8 Rxd8 32. Kf3 Bd4 33. b3
a5 34. Ke2 Rf8 35. d6 Rd8 36. d7 Kg7 37. Kd3 Kf6 38. Rc6 Ke7 39. Kc4 h5 40. Kb5
g5 41. h3 Ba7 42. Kxa5 Bb8 43. Bf5 Bd6 44. Rc8 g4 45. hxg4 hxg4 46. Kb5 Bb8 47.
Bxg4 Ba7 48. Bf5 Bf2 49. g4 Bh4 50. Kxb4 Kd6 51. Kc4 1-0

[Event "Cto Aragon Equipos Pref Gr II"]
[Site "Aragon"]
[Date "2018.02.10"]
[Round "3.68"]
[White "Perez Tomas, Juan Manuel"]
[Black "Sacristan Latorre, Carlos"]
[Result "0-1"]
[WhiteElo "1679"]
[BlackElo "1637"]
[PlyCount "74"]
[EventDate "2018.??.??"]
[EventType "tourn"]
[EventRounds "9"]
[EventCountry "ESP"]

1. e4 c5 2. Nc3 d6 3. f4 Nf6 4. Nf3 a6 5. a4 Qc7 6. Bc4 Nc6 7. d3 g6 8. O-O Bg7
9. Qe1 O-O 10. Qh4 Nd4 11. Ng5 h6 12. Nh3 Bxh3 13. Qxh3 Qc8 14. f5 Kh7 15. a5
Nxc2 16. Ra2 Nd4 17. Na4 Qe8 18. Nb6 Rb8 19. Be3 Nc6 20. Rf4 Ne5 21. Rh4 Ng8
22. Bf4 Nxc4 23. dxc4 f6 24. Nd7 g5 25. Nxf8+ Bxf8 26. Bxg5 fxg5 27. Rg4 Qf7
28. Qd3 Nf6 29. Rg3 Nd7 30. b3 Bg7 31. Qb1 Be5 32. Rf3 Qh5 33. Rh3 Qg4 34. Rf3
Nf6 35. Re2 Qh4 36. Rh3 Qf4 37. Qc2 Bd4+ 0-1

[Event "Cto Aragon Equipos Pref Gr II"]
[Site "Aragon"]
[Date "2018.02.10"]
[Round "3.69"]
[White "Antonano Fedz-Quincoces, Avelino"]
[Black "Cajo Esteban, Ruben"]
[Result "1-0"]
[WhiteElo "2042"]
[BlackElo "1892"]
[PlyCount "43"]
[EventDate "2018.??.??"]
[EventType "tourn"]
[EventRounds "9"]
[EventCountry "ESP"]

1. e4 e5 2. Nf3 Nf6 3. Nxe5 d6 4. Nf3 Nxe4 5. Nc3 Bf5 6. Qe2 Qe7 7. Nd5 Qd7 8.
d3 Nc6 9. dxe4 Bg4 10. Be3 O-O-O 11. O-O-O Re8 12. Qc4 Re6 13. h3 Bh5 14. Nf4
Bxf3 15. gxf3 Ne5 16. Qc3 Rh6 17. Nd5 Rh4 18. Bxa7 Nc6 19. Bb6 f5 20. Bxc7 Qe6
21. Bb5 fxe4 22. Bxc6 1-0

[Event "Cto Aragon Equipos Pref Gr II"]
[Site "Aragon"]
[Date "2018.02.10"]
[Round "3.70"]
[White "Solera Sanchez, Roberto"]
[Black "Rodes Apilluelo, Jose Maria"]
[Result "0-1"]
[WhiteElo "1837"]
[BlackElo "1976"]
[PlyCount "121"]
[EventDate "2018.??.??"]
[EventType "tourn"]
[EventRounds "9"]
[EventCountry "ESP"]

1. f4 e5 2. fxe5 d6 3. e6 Bxe6 4. Nf3 Bg4 5. d4 Bxf3 6. exf3 d5 7. Bd3 Bd6 8.
Qe2+ Qe7 9. Qxe7+ Nxe7 10. O-O O-O 11. Nc3 c6 12. Ne2 Ng6 13. Be3 Nd7 14. Bf2
f5 15. c4 dxc4 16. Bxc4+ Kh8 17. Be6 Nb6 18. Ng3 Rae8 19. d5 Nxd5 20. Bxd5 cxd5
21. Rfd1 f4 22. Nf1 Rf5 23. Bxa7 Rfe5 24. Rac1 Ne7 25. Nd2 Nc6 26. Bf2 h6 27.
Nc4 dxc4 28. Rxd6 Re2 29. b3 cxb3 30. axb3 Rb2 31. Bd4 Nxd4 32. Rxd4 Ree2 33.
Rxf4 Rxg2+ 34. Kh1 Rxh2+ 35. Kg1 Rbg2+ 36. Kf1 Rb2 37. Kg1 Rhg2+ 38. Kh1 Rg5
39. b4 b5 40. Rc8+ Kh7 41. Rc1 Rd5 42. Kg1 Rd3 43. Re1 Ra3 44. Rf7 Kg6 45. Rf4
h5 46. Rd1 Ra4 47. Re4 Raxb4 48. Rd6+ Kh7 49. Re5 g6 50. Re7+ Kh6 51. Ree6 Rb1+
52. Kf2 R4b2+ 53. Kg3 Rg1+ 54. Kf4 Rb4+ 55. Ke3 Re1+ 56. Kf2 Rxe6 57. Rxe6 Rb1
58. Kg3 Kg5 59. Re5+ Kf6 60. Rc5 Rb4 61. Kh3 0-1

[Event "Cto Aragon Equipos Pref Gr II"]
[Site "Aragon"]
[Date "2018.02.10"]
[Round "3.71"]
[White "Alvarez Gonzalo, Miguel Angel"]
[Black "Lebron Duran, Jose Maria"]
[Result "1/2-1/2"]
[WhiteElo "1825"]
[BlackElo "1835"]
[PlyCount "62"]
[EventDate "2018.??.??"]
[EventType "tourn"]
[EventRounds "9"]
[EventCountry "ESP"]

1. c4 c5 2. g3 g6 3. Bg2 Bg7 4. Nc3 Nc6 5. e3 e6 6. Nge2 Nge7 7. O-O O-O 8. d4
cxd4 9. Nxd4 Nxd4 10. exd4 d5 11. cxd5 Nxd5 12. Nxd5 exd5 13. Be3 Be6 14. Qd2
Qd7 15. Rfd1 Rfc8 16. Rac1 Qa4 17. b3 Qa3 18. Rc5 Bf8 19. Ra5 Qd6 20. Rc5 Qd7
21. Rxc8 Rxc8 22. Rc1 Rc6 23. Bh6 Bg7 24. Bxg7 Kxg7 25. h4 h5 26. Kh2 Qc8 27.
Rxc6 Qxc6 28. Qe3 Qc2 29. a4 Qf5 30. b4 Kh7 31. b5 Qc2 1/2-1/2

[Event "Cto Aragon Equipos Pref Gr II"]
[Site "Aragon"]
[Date "2018.02.10"]
[Round "3.72"]
[White "Garcia Garcia, Enrique"]
[Black "Lazaro Abadias, Andres"]
[Result "1-0"]
[WhiteElo "1726"]
[BlackElo "1478"]
[PlyCount "67"]
[EventDate "2018.??.??"]
[EventType "tourn"]
[EventRounds "9"]
[EventCountry "ESP"]

1. d4 d5 2. Nf3 Bf5 3. c4 e6 4. Nc3 c6 5. Qb3 Qc7 6. cxd5 exd5 7. Bf4 Qb6 8.
Qxb6 axb6 9. a3 Nf6 10. e3 Nbd7 11. Rc1 Be7 12. h3 O-O 13. g4 Bg6 14. Nh4 Be4
15. Nxe4 Nxe4 16. Nf5 Bf6 17. h4 c5 18. f3 cxd4 19. fxe4 dxe3 20. Rb1 Rfe8 21.
Nd6 Re6 22. exd5 Re7 23. Bg2 Nc5 24. Ke2 Rd8 25. g5 Be5 26. Bxe5 Rxe5 27. Nc4
Rf5 28. Rhf1 Rxf1 29. Rxf1 b5 30. Ne5 Rf8 31. b4 Na4 32. Kxe3 Nb6 33. Kd4 Na4
34. d6 1-0

[Event "División  Honor Aragonesa 2018 "]
[Site "Aragon"]
[Date "2018.02.17"]
[Round "4.2"]
[White "Guetas Sanchez, Hugo"]
[Black "Ramiro Ovejero, Juan Luis"]
[Result "0-1"]
[WhiteElo "2123"]
[BlackElo "2384"]
[PlyCount "52"]
[EventDate "2018.??.??"]
[EventType "tourn"]
[EventRounds "10"]
[EventCountry "ESP"]
[WhiteTeam "Enroque S.M.A."]
[BlackTeam "Jaime Casas"]

1. e4 c5 2. Nf3 e6 3. d4 cxd4 4. Nxd4 a6 5. Nc3 b5 6. Be3 Bb7 7. f3 Qc7 8. Qd2
Nf6 9. g4 b4 10. Na4 d5 11. g5 Nfd7 12. f4 dxe4 13. O-O-O Nc6 14. Nb3 Rd8 15.
Qf2 Be7 16. Bg2 Na5 17. Nbc5 O-O 18. Nxd7 Rxd7 19. Bb6 Rxd1+ 20. Rxd1 Qc6 21.
Bxe4 Qxa4 22. Bd3 Qxa2 23. Qh4 g6 24. Bd4 Rc8 25. Kd2 Qd5 26. f5 Qg2+ 0-1

[Event "División  Honor Aragonesa 2018 "]
[Site "Aragon"]
[Date "2018.02.17"]
[Round "4.3"]
[White "Gines Esteo, Pedro Antonio"]
[Black "Sig Vargas, Pablo"]
[Result "1-0"]
[WhiteElo "2386"]
[BlackElo "1873"]
[PlyCount "47"]
[EventDate "2018.??.??"]
[EventType "tourn"]
[EventRounds "10"]
[EventCountry "ESP"]
[WhiteTeam "Jaime Casas"]
[BlackTeam "Enroque S.M.A."]

1. d4 Nf6 2. c4 e6 3. Nc3 Bb4 4. e3 O-O 5. Bd3 Bxc3+ 6. bxc3 d6 7. Ne2 Nbd7 8.
O-O b6 9. Ng3 Bb7 10. e4 e5 11. a4 Re8 12. f3 Nf8 13. Be3 Ng6 14. Qd2 Bc6 15.
Nf5 Nh5 16. g3 Bb7 17. a5 Bc6 18. Bg5 Qc8 19. Qg2 h6 20. Bxh6 gxh6 21. Qh3 Bd7
22. Qxh5 Bxf5 23. exf5 Ne7 24. f6 1-0

[Event "División  Honor Aragonesa 2018 "]
[Site "Aragon"]
[Date "2018.02.17"]
[Round "4.4"]
[White "Avellanas Pau, Miguel Angel"]
[Black "Maza Broto, Pablo"]
[Result "0-1"]
[WhiteElo "1843"]
[BlackElo "2076"]
[PlyCount "50"]
[EventDate "2018.??.??"]
[EventType "tourn"]
[EventRounds "10"]
[EventCountry "ESP"]
[WhiteTeam "Enroque S.M.A."]
[BlackTeam "Jaime Casas"]

1. e4 c5 2. Nf3 e6 3. d4 cxd4 4. Nxd4 Nf6 5. Nc3 Nc6 6. Be3 d6 7. Bc4 Be7 8.
O-O a6 9. Qe2 O-O 10. Bb3 Na5 11. a4 b6 12. Ba2 Qc7 13. Rad1 Bb7 14. f3 Rac8
15. Nxe6 fxe6 16. Bxe6+ Kh8 17. Bxc8 Rxc8 18. Rd4 Nc4 19. Bc1 d5 20. Kh1 Bc5
21. Rdd1 Re8 22. b3 Nd6 23. e5 Nf5 24. f4 d4 25. Qd3 Nh4 0-1

[Event "División  Honor Aragonesa 2018 "]
[Site "Aragon"]
[Date "2018.02.17"]
[Round "4.5"]
[White "Lana Rodriguez, David"]
[Black "Romero Pallares, Daniel"]
[Result "1/2-1/2"]
[WhiteElo "2275"]
[BlackElo "2203"]
[PlyCount "81"]
[EventDate "2018.??.??"]
[EventType "tourn"]
[EventRounds "10"]
[EventCountry "ESP"]
[WhiteTeam "Agrupacion"]
[BlackTeam "Palacio de Pioneros"]

1. e4 g6 2. d4 Bg7 3. Nc3 d6 4. g3 Nf6 5. Bg2 O-O 6. Nge2 e5 7. O-O Nc6 8. h3
exd4 9. Nxd4 Nxe4 10. Nxc6 Nxc3 11. Nxd8 Nxd1 12. Nxb7 Bxb7 13. Bxb7 Rab8 14.
Rxd1 Rxb7 15. Rb1 Re8 16. Kf1 Bc3 17. b3 Re4 18. Be3 Ba5 19. Rd3 Bb6 20. Re1
Rb8 21. a4 Re6 22. Bd2 a5 23. Rd5 Ra8 24. Rb5 Kf8 25. h4 Ke7 26. h5 Kd7 27.
Rxe6 Kxe6 28. Ke2 Ra6 29. Be3 Bxe3 30. Kxe3 Ra8 31. Kd4 Kd7 32. Kc4 Ke7 33. Rg5
c6 34. Rg4 Kd7 35. Rf4 Ke6 36. Re4+ Kd7 37. Re1 Rb8 38. Kd3 Rb4 39. hxg6 hxg6
40. Rh1 Rb8 41. Rh4 1/2-1/2

[Event "División  Honor Aragonesa 2018 "]
[Site "Aragon"]
[Date "2018.02.17"]
[Round "4.6"]
[White "Palacios Herrero, Pablo"]
[Black "Ramon Perez, Jose Luis"]
[Result "1-0"]
[WhiteElo "2165"]
[BlackElo "2215"]
[PlyCount "73"]
[EventDate "2018.??.??"]
[EventType "tourn"]
[EventRounds "10"]
[EventCountry "ESP"]
[WhiteTeam "Palacio de Pioneros"]
[BlackTeam "Agrupacion"]

1. e4 c5 2. Nf3 g6 3. d4 Bg7 4. Nc3 Qa5 5. Be3 Nf6 6. Qd2 Nc6 7. dxc5 Ng4 8.
Nd5 Nxe3 9. Qxa5 Nxa5 10. fxe3 Rb8 11. c3 e6 12. Nc7+ Ke7 13. Nb5 b6 14. O-O-O
bxc5 15. Nd6 Bh6 16. Ne5 Bxe3+ 17. Kc2 Nc6 18. Nxc8+ Rhxc8 19. Nxd7 Rb7 20. Ba6
Rxd7 21. Bxc8 Rc7 22. Ba6 Ne5 23. Be2 h5 24. Rb1 a5 25. a3 Rb7 26. b4 axb4 27.
axb4 cxb4 28. Rxb4 Rc7 29. Rhb1 Kf6 30. Rb7 Rc6 31. Rd1 h4 32. Kb3 Kg5 33. Rb5
Kf4 34. Rf1+ Kxe4 35. Rb4+ Kd5 36. Rd1+ Kc5 37. Rb5# 1-0

[Event "División  Honor Aragonesa 2018 "]
[Site "Aragon"]
[Date "2018.02.17"]
[Round "4.7"]
[White "Lacruz Algarate, Alvaro"]
[Black "Dan, Teodor"]
[Result "1-0"]
[WhiteElo "2113"]
[BlackElo "2164"]
[PlyCount "45"]
[EventDate "2018.??.??"]
[EventType "tourn"]
[EventRounds "10"]
[EventCountry "ESP"]
[WhiteTeam "Agrupacion"]
[BlackTeam "Palacio de Pioneros"]

1. e4 g6 2. d4 Bg7 3. Nc3 d6 4. Be3 Nf6 5. Qd2 c6 6. Bh6 Bxh6 7. Qxh6 b5 8. Bd3
Qb6 9. Nf3 Bg4 10. Ng5 Qxd4 11. Qg7 Rf8 12. Nxh7 Nbd7 13. Nxf8 Nxf8 14. O-O b4
15. Nd1 Bxd1 16. Raxd1 Rd8 17. Rfe1 N8h7 18. e5 Ng4 19. Qxh7 Nxf2 20. Qh8+ Kd7
21. Bf5+ gxf5 22. Qxd8+ Kxd8 23. Rxd4 1-0

[Event "División  Honor Aragonesa 2018 "]
[Site "Aragon"]
[Date "2018.02.17"]
[Round "4.8"]
[White "Baquedano Coarasa, Pablo"]
[Black "Moreno Martin-Viveros, Alvaro"]
[Result "0-1"]
[WhiteElo "2156"]
[BlackElo "2089"]
[PlyCount "132"]
[EventDate "2018.??.??"]
[EventType "tourn"]
[EventRounds "10"]
[EventCountry "ESP"]
[WhiteTeam "Palacio de Pioneros"]
[BlackTeam "Agrupacion"]

1. d4 Nf6 2. Bf4 d5 3. e3 c5 4. c3 Nc6 5. Nd2 Bf5 6. Qb3 Qc8 7. Ngf3 e6 8. Nh4
c4 9. Qd1 Bd3 10. Bxd3 cxd3 11. Nb3 Ne4 12. Nf3 Be7 13. Qxd3 g5 14. Bg3 h5 15.
h4 Nxg3 16. fxg3 Qc7 17. Kf2 O-O-O 18. hxg5 Rdg8 19. Rh3 Bxg5 20. Nbd2 (20.
Nfd2 Be7 21. e4 dxe4 22. Nxe4 f5) 20... Be7 21. e4 dxe4 22. Nxe4 f5 23. Nc5
Bxc5 24. dxc5 f4 25. Qd6 fxg3+ 26. Rxg3 Qf7 27. Rxg8+ Rxg8 28. Re1 Rg6 29. Re2
h4 30. Qh2 Rg4 31. Qd6 Rg6 32. Qh2 Rg4 33. Ke1 Qf6 34. Qd6 Qf5 35. Rxe6 Rg8 36.
Rf6 Qb1+ 37. Kf2 Qxb2+ 38. Nd2 Rd8 39. Rf8 Qxc3 40. Rxd8+ Nxd8 41. Qd5 Qg3+ 42.
Kf1 Qg4 43. Nf3 h3 44. gxh3 Qxh3+ 45. Kf2 Qe6 46. Qd2 Qc4 47. Nd4 Qxc5 48. Ke2
Qd5 49. Qc2+ Nc6 50. Nb3 Qg2+ 51. Kd1 Qf1+ 52. Kd2 Qf4+ 53. Kc3 Qf6+ 54. Kd2
Kb8 55. Kc1 a6 56. Qh2+ Ka7 57. Qg1+ b6 58. Qg3 Qf1+ 59. Kb2 Qe2+ 60. Kb1 Qe7
61. Qf3 Nb4 62. Kb2 Qg7+ 63. Kb1 a5 64. Qf2 Qh7+ 65. Ka1 Qh1+ 66. Kb2 Nd3+ 0-1

[Event "División  Honor Aragonesa 2018 "]
[Site "Aragon"]
[Date "2018.02.17"]
[Round "4.9"]
[White "Adla, Diego"]
[Black "Sancho Casale, Jesus"]
[Result "1-0"]
[WhiteElo "2407"]
[BlackElo "2005"]
[PlyCount "161"]
[EventDate "2018.??.??"]
[EventType "tourn"]
[EventRounds "10"]
[EventCountry "ESP"]
[WhiteTeam "St. Casablanca A"]
[BlackTeam "Tauste"]

1. c4 e5 2. Nc3 Bb4 3. Qc2 Nc6 4. e3 Nf6 5. Nf3 O-O 6. Nd5 Re8 7. Qf5 d6 8.
Nxf6+ Qxf6 9. Qxf6 gxf6 10. a3 Bc5 11. b4 Bb6 12. d3 a5 13. b5 Ne7 14. Bb2 c6
15. d4 cxb5 16. cxb5 Bg4 17. dxe5 a4 18. exf6 Ba5+ 19. Kd1 Nd5 20. Rc1 Nxe3+
21. fxe3 Rxe3 22. Be2 Rae8 23. Rc2 Bf5 24. Nd4 Bxc2+ 25. Kxc2 Rxe2+ 26. Nxe2
Rxe2+ 27. Kb1 Re1+ 28. Rxe1 Bxe1 29. Kc2 Bf2 30. Kd3 Bc5 31. Ke4 b6 32. g4 h6
33. h4 h5 34. gxh5 Kh7 35. Bc1 Kg8 36. h6 Kh7 37. h5 Kg8 38. Kd5 Kh7 39. Kc6
Kg8 40. Kd7 d5 41. h7+ Kxh7 42. Ke8 Kg8 43. h6 d4 44. h7+ Kxh7 45. Kxf7 d3 46.
Ke8 Kg6 47. f7 Kf6 48. f8=Q+ Bxf8 49. Kxf8 Ke6 50. Ke8 Kd6 51. Kf7 Kc5 52. Ke6
Kxb5 53. Kd5 Ka6 54. Kc4 Ka5 55. Bd2+ Ka6 56. Kxd3 Kb5 57. Kd4 Kc6 58. Bf4 Kb5
59. Kd5 Ka5 60. Kc6 Ka6 61. Bb8 Ka5 62. Bd6 Ka6 63. Bb4 Ka7 64. Kb5 Kb7 65. Bd6
Ka7 66. Bh2 Kb7 67. Be5 Ka7 68. Kc6 Ka6 69. Bb8 Ka5 70. Kb7 Kb5 71. Bd6 Ka5 72.
Be7 Kb5 73. Bb4 Kc4 74. Kc6 Kd4 75. Kb5 Kd5 76. Bf8 Kd4 77. Kxa4 Kc4 78. Bb4
Kd4 79. Kb5 Kd5 80. Kxb6 Kc4 81. a4 1-0

[Event "División  Honor Aragonesa 2018 "]
[Site "Aragon"]
[Date "2018.02.17"]
[Round "4.10"]
[White "Muro Turon, Raul"]
[Black "Glavina, Pablo"]
[Result "0-1"]
[WhiteElo "1884"]
[BlackElo "2394"]
[PlyCount "84"]
[EventDate "2018.??.??"]
[EventType "tourn"]
[EventRounds "10"]
[EventCountry "ESP"]
[WhiteTeam "Tauste"]
[BlackTeam "St. Casablanca A"]

1. e4 e5 2. Nf3 Nc6 3. d4 exd4 4. Bc4 Nf6 5. e5 d5 6. Bb5 Ne4 7. Nxd4 Bc5 8.
Be3 O-O 9. Bxc6 bxc6 10. O-O Qe8 11. f3 Nd6 12. Bf2 Qxe5 13. Re1 Qf6 14. c3 Bb6
15. Na3 Nf5 16. Nac2 c5 17. Nb3 Qc6 18. Re5 Be6 19. Qd2 a5 20. Qf4 a4 21. Nd2
Ne7 22. Re2 Ng6 23. Qg3 Bf5 24. Nf1 Rae8 25. Rd2 Ne7 26. Nfe3 Bg6 27. Rad1 Rd8
28. Ng4 f6 29. Qf4 Rd7 30. b3 axb3 31. axb3 Rfd8 32. Nge3 d4 33. cxd4 cxd4 34.
Nc4 d3 35. N2e3 Bd4 36. Ng4 Bxf2+ 37. Nxf2 Nd5 38. Qh4 Nc3 39. Re1 Rd4 40. Qh3
Re8 41. Re3 Rxe3 42. Nxe3 Qe8 0-1

[Event "División  Honor Aragonesa 2018 "]
[Site "Aragon"]
[Date "2018.02.17"]
[Round "4.13"]
[White "Salamero Pelay, Fernando"]
[Black "Del Rey, Diego"]
[Result "0-1"]
[WhiteElo "2155"]
[BlackElo "2323"]
[PlyCount "136"]
[EventDate "2018.??.??"]
[EventType "tourn"]
[EventRounds "10"]
[EventCountry "ESP"]
[WhiteTeam "Atletismo Huesca"]
[BlackTeam "El Olivar"]

1. e4 c5 2. b3 b6 3. Bb2 Bb7 4. Nc3 e6 5. Nf3 Nf6 6. e5 Nd5 7. Nxd5 exd5 8. d4
Be7 9. Bd3 Nc6 10. a3 d6 11. O-O O-O 12. Re1 cxd4 13. Nxd4 Nxe5 14. Qh5 g6 15.
Qh6 Bg5 16. Qh3 Bf6 17. Re3 Nxd3 18. cxd3 Be5 19. Rae1 Qf6 20. Rf3 Bc8 21. Rxf6
Bxh3 22. Rxe5 dxe5 23. Nc6 Kg7 24. Bxe5 Rfe8 25. d4 Rxe5 26. dxe5 Be6 27. Kf1
Kf8 28. Ke2 Rc8 29. Nd4 Ke7 30. Kd2 a5 31. h4 a4 32. h5 axb3 33. Nxb3 Rc4 34.
hxg6 hxg6 35. f4 Ra4 36. g4 d4 37. Nc1 Bxg4 38. Rxb6 Rxa3 39. Nb3 Bf5 40. Nc5
Ra2+ 41. Ke1 Ra1+ 42. Ke2 Ra2+ 43. Ke1 Rc2 44. Rb7+ Kd8 45. Rb8+ Kc7 46. Na6+
Kd7 47. Rb7+ Kd8 48. Nb4 Rc4 49. Nd5 Be4 50. Rb8+ Rc8 51. Rb5 d3 52. Ne3 Ra8
53. Rb4 Ra1+ 54. Kd2 Ra2+ 55. Kc3 Bc6 56. Kxd3 Rf2 57. Ng4 Rf1 58. Nf6 Kc7 59.
Rc4 Kb6 60. Ke3 Rf3+ 61. Kd2 g5 62. fxg5 Rf5 63. Ne8 Bxe8 64. e6 fxe6 65. Re4
e5 66. Rg4 Bg6 67. Ke3 Kc5 68. Rg1 Kd5 0-1